000 00809nam a22002777a 4500
003 CHAP
005 20220329133737.0
008 971013s1968 r 00010 d
010 _a10240
011 _a11212
035 _a10450
040 _cCHAP
082 _a001.6
_bE3
100 0 0 _aEadie, Donald.
_934976
245 _aIntroduction to the basic computer
260 _aEnglewood cliffs, N.J. :
_bPrentice-Hall,
_c1968
300 _a430 p.
590 _aBATCH-UPD
_b10
_c20130110
_lUCH01
_h2109
590 _aBATCH-UPD
_b10
_c20130410
_lUCH01
_h1420
590 _aBATCH-UPD
_b10
_c20130914
_lUCH01
_h1022
590 _aCONVERSION
_b10
_c20130109
_lUCH01
_h1307
650 1 4 _aComputación.
_926122
901 _aBK
942 _cLIBRO
949 _a001.6 E3
_bBC
_cLIBRO
_d33724000226072
_eLIBRO
_h34873
_i10450
_si
999 _c10240
_d10240